Из опыта работы с детьми дошкольного возраста (Запись № 8575873)

Подробности
000 -МАРКЕР
контрольное поле 01917nam0a22002891 4500
001 - ИДЕНТИФИКАТОР ЗАПИСИ
контрольное поле rc\4437672
005 - ИДЕНТИФИКАТОР ВЕРСИИ
контрольное поле 20260407122522.0
021 ## - НОМЕР ГОСУДАРСТВЕННОЙ РЕГИСТРАЦИИ
Код страны Российская Федерация
Номер [57-39898]
035 ## - ДРУГИЕ СИСТЕМНЫЕ НОМЕРА
Идентификатор записи (NLR Aleph) 008579478
100 ## - ДАННЫЕ ОБЩЕЙ ОБРАБОТКИ
Данные общей обработки 20130416d1957 |||y0rusy50 ca
101 0# - ЯЗЫК РЕСУРСА
Язык текста, звукозаписи и т.д. русский
102 ## - СТРАНА ПУБЛИКАЦИИ ИЛИ ПРОИЗВОДСТВА
Страна публикации Российская Федерация
105 ## - ПОЛЕ КОДИРОВАННЫХ ДАННЫХ: ТЕКСТОВЫЕ МАТЕРИАЛЫ, МОНОГРАФИЧЕСКИЕ
Кодированные данные о монографическом текстовом документе y z |||||
200 1# - ЗАГЛАВИЕ И СВЕДЕНИЯ ОБ ОТВЕТСТВЕННОСТИ
Основное заглавие Из опыта работы с детьми дошкольного возраста
Сведения, относящиеся к заглавию [Доклады на IX респ. "Пед. чтениях"]
Первые сведения об ответственности М-во просвещения ДАССР. Ин-т усовершенствования учителей. Кабинет дошкольного воспитания
210 ## - ПУБЛИКАЦИЯ, РАСПРОСТРАНЕНИЕ И ДР.
Место издания, распространения и т.д. Махачкала
Имя издателя, распространителя и т. д. Дагучпедгиз
Дата издания, распространения и т.д. 1957
215 ## - ФИЗИЧЕСКАЯ ХАРАКТЕРИСТИКА
Специфическое обозначение материала и объем 29 с.
Размеры 20
327 1# - ПРИМЕЧАНИЯ О СОДЕРЖАНИИ
Текст примечания Содерж.: Игры детей-дошкольников / А. Бутаева, зав. Кумухским дет. садом. Привитие трудовых навыков детям старшей группы / Е.П. Рашидова, воспитательница Буйнакского дошкольного детдома № 6
464 #0 - АНАЛИТИЧЕСКИЙ УРОВЕНЬ
Встроенное поле 2001#$aПривитие трудовых навыков детям старшей группы
-- 700#1$aРашидова$bЕ.П.
Заглавие Привитие трудовых навыков детям старшей группы
Автор Рашидова, Е.П.
464 #0 - АНАЛИТИЧЕСКИЙ УРОВЕНЬ
Встроенное поле 2001#$aИгры детей-дошкольников
-- 700#1$aБутаева$bА.
Заглавие Игры детей-дошкольников
Автор Бутаева, А.
606 ## - НАИМЕНОВАНИЕ ТЕМЫ КАК ПРЕДМЕТ
Наименование темы Дошкольное воспитание
Формальный подзаголовок Сборники
Код системы psbo
712 02 - НАИМЕНОВАНИЕ ОРГАНИЗАЦИИ - ВТОРИЧНАЯ ОТВЕТСТВЕННОСТЬ
Начальный элемент ввода Дагестанский республиканский институт усовершенствования учителей
Идентифицирующий признак Махачкала
Идентификатор авторитетной/нормативной записи RU\NLR\AUTH\889959292
Системный номер авторитетной/нормативной записи 414744
801 #0 - ИСТОЧНИК ЗАПИСИ
Страна Российская Федерация
Организация NLR
Правила каталогизации psbo
801 #1 - ИСТОЧНИК ЗАПИСИ
Страна Российская Федерация
Организация ELAR
Источник данных rusmarc
852 ## - МЕСТОНАХОЖДЕНИЕ И ШИФР ХРАНЕНИЯ
Идентификатор организации NLR
Шифр хранения (Call Number) 57-4/10250
942 ## - ДОПОЛНИТЕЛЬНЫЕ ЭЛЕМЕНТЫ ЗАПИСИ (АБИС)
Тип экземпляра АБИС Книга
980 ## - КОЛЛЕКЦИЯ
Название коллекции Национальная библиография
Экземпляры
Тип экземпляра Дата поступления Библиотека постоянного хранения Библиотека текущего хранения Место хранения Шифр хранения Штрих-код Статус экземпляра
Книга 26.10.2013 РНБ (Московский) РНБ (Московский) Русский книжный фонд: издания с 1957 года 57-4/10250 1-907648